Quizz One punch man chapitre 1-244 - Statistiques

Statistiques générales
  • Ce quiz a été pris 89 fois
  • Le résultat moyen est 8 sur 15
Statistiques - réponses
Question Réponse % Correct
Quels sont les adversaires (monstre) de Saitama qui ont réussis à durer plus d'une minute en combat face à lui ? Oroshi - Boros
88%
Quelle ville Chien de garde man défend inébranlablement ? Ville Q
82%
Combien de membre compose le Conseil de la Sainte-Epée ? 5
76%
Quels sont les étranges artéfacts que Blast recherche ? Des cubes
76%
Comment se font appeler les individus qui compose la nouvelle ligue de super-héros ? Néo heroes
65%
Quel est le niveau de désastre de Poisson-Charge ? Tigre
59%
Laquelle de ces attaques ne fait pas partie de la liste des coups de Saitama ? Coup de genoux fracasseur bien vénère
53%
Comment se nomme la guilde de Boros ? Dark Matters
53%
Qui a vaincu Platinum Sperm ? Garou
53%
Quel était le numéro de l'expérience Zombiman à la maison de l'évolution ? n°66
53%
Quel est le prénom de la petite sœur de Batte-man ? Zenko
53%
Qui est le commandant de l'Escadron privé de Rupin ? Pabrika
41%
Quel personnage de TV incarnait Phénix ? Zozio le Placide
41%
Comment se nomment les poissons présent au sein de Eau minérale déviant ? Poissons Docteurs fous
6%
Quel faux nom porte Saitama lors de sa participation au tournoi d'arts martiaux ? Schevchenko
6%
Aucun quiz correspondant
Distribution des résultats
% des personnes avec chaque résultat
Percentile par nombre de réponses
Votre historique - résultats
Vous n’avez pas pris ce quiz